000 01296nam a2200241Ia 4500
999 _c37642
_d37642
001 3614
003 GE_BSU
005 20190624151739.0
008 181216s2012||||ge |||||||||||||| ||geo||
020 _a9789941104848
040 _cGE_BSU
041 _ageo
080 _a343.139(075.8) ს–36
245 _aსახელმძღვანელო სასამართლო უნარჩვევებში /
_cამერიკის იურისტთა ასოციაცია კანონის უზენაესობის ინიციატივა; რედაქტორი: ნ.ელიზბარაშვილი.
264 _aთბილისი :
_bმერიდიანი,
_c2012.
300 _a384 გვ.
_b21 სმ.
653 _aსასამართლო პროცესი
653 _aნაფიც მსაჯულთა სასამართლო
653 _aსასამართლოები
700 _aელიზბარაშვილი, ნ.
_eრედაქტორი
_92822
710 _aამერიკის იურისტთა ასოციაცია კანონის უზენაესობის ინიციატივა
_92823
942 _cBK
_2udc